Państwa z,,Dż" w nazwie - Statystyki

Ogólne statystyki
  • Ten quiz został rozwiązany 316 razy
  • Średni wynik to 3 z 5
Statystyki odpowiedzi
Kraj % Poprawnych
Dżibuti
85%
Tadżykistan
65%
Kambodża
59%
Azerbejdżan
58%
Fidżi
55%
Nie znaleziono quizów pasujących do podanych kryteriów
Rozkład punktacji
Procent ludzi z każdym wynikiem
Percentyl według liczby udzielonych odpowiedzi
Twoja historia wyników
Nie rozwiązałeś tego quizu